000 00260nam a22001217a 4500
008 171106b xxu||||| |||| 00| 0 eng d
041 _aeng
080 _a330.722.6
100 _a62
101 _aKON
245 _aEDP AUDITING
_cSARDINAS, J
942 _2udc
_cBK
999 _c37921
_d37921